Statistiche per Riconosci la Squadra di calcio - Quiz n°26

Clicka qui per fare il quiz!

Statistiche generali

  • Questo quiz è stato fatto 9 volte
  • Il punteggio medio è 8 su 14

Statistiche sulle risposte

IndizioRisposta% Corretto
Colori socialiBianco, rosso
100%
Titoli nazionali0
86%
SimboliDiavolo
86%
Trofei nazionali0
71%
ConfederazioneUEFA
71%
Fondazione1929
57%
Divisione nazionale 2023-2024Quinta
57%
Rifondazione1930
43%
Rifondazione1936
43%
Rifondazione2008
43%
Rifondazione2022
43%
Capienza Stadio8 840 posti
43%
Trofei internazionali0
14%
SquadraTeramo
0%

Distribuzione punteggi

Percentile per numero di risposta

Percentuale di utenti per punteggio

I tuoi punteggi nel tempo

Non hai fatto questo quiz